000
00280nam a2200121Ia 4500
008
191201s2014 xx 000 0 und d
100
_a
NARWAL, J K
245
0
_a
Mechanical Vibrations
260
_a
N. Delhi
_b
Vayu
_c
2014
300
_a
731
650
_a
B.Tech(ME)
942
_2
ddc
_c
BK
999
_c
6129
_d
6129